Zber údajov a analýza pomocou Google Analytics bakalárska práca

Salvato in:
Dettagli Bibliografici
Autore principale: Školník, Marek
Ente Autore: Fakulta hospodárskej informatiky EU. Katedra aplikovanej informatiky
Altri autori: Procházka, Peter, 1968-
Natura: Libro
Lingua:slovacco
Pubblicazione: Bratislava 2020
Tags: Aggiungi Tag
Nessun Tag, puoi essere il primo ad aggiungerne!!

MARC

LEADER 00000nbm a2200000 4500
001 0264641
005 20210510110213.9
041 0 |a slo 
044 |a SK 
245 1 0 |a Zber údajov a analýza pomocou Google Analytics  |b bakalárska práca  |c Marek Školník ; školiteľ: Peter Procházka 
264 1 |a Bratislava  |c 2020 
300 |a 58 s. 
100 1 |a Školník, Marek 
700 1 |a Procházka, Peter, 1968- 
710 2 |a Fakulta hospodárskej informatiky EU. Katedra aplikovanej informatiky